U.S. Cities with the Most International Tourists - Statistics

General Stats
  • This quiz has been taken 74,780 times
    51,684 since last reset
  • The average score is 6 of 7
Answer Stats
# Tourists City % Correct
13.6 m New York City
100%
7.17 m Los Angeles
98%
7.80 m Miami
91%
2.90 m San Francisco
86%
6.69 m Las Vegas
69%
5.27 m Orlando
64%
2.69 m Honolulu
44%
No matching quizzes found
Score Distribution
Percent of People with Each Score
Percentile by Number Answered
Your Score History
You have not taken this quiz since the last reset